000 00552ntaaa2200205 4500
003 01
005 20251027201129.0
008 0714s1973 ag 01
040 _aAR-BaBN
_bspa
_cAR-BaBN
_eaacr
_dRIC
082 _a215.7 Z1j
100 _aZahrnt, Heinz
245 _aJesus de Nazaret y Sigmund Freud simposio de Psicoanalistas y teólogos /
_cHeinz Zahrnt
250 _a1 ed.
260 _aEstella :
_bVerbo Divino,
_cc1972
300 _a397 p.
650 _aCiencia-Religión
650 _aFreud
_98978
650 _aPsiquiatria
_92009
942 _cBK
999 _c5503
_d5503